书目信息 |
| 题名: |
Dreamweaver MX 2004网站设计与网页制作标准教程
|
|
| 作者: | 杨志姝 , 唐有明 编著 | |
| 分册: | ||
| 出版信息: | 北京 清华大学出版社 2005 |
|
| 页数: | 303页 | |
| 开本: | 26cm | |
| 丛书名: | 清华电脑学堂 | |
| 单 册: | ||
| 中图分类: | TP393.092 | |
| 科图分类: | ||
| 主题词: | 网页--wang ye--制作--软件工具--教材 | |
| 电子资源: | ||
| ISBN: | 7-302-11306-8 | |
| 000 | 00881cam2 2200265 450 | |
| 001 | 012006035402 | |
| 005 | 20060329101010.1 | |
| 010 | @a7-302-11306-8@dCNY26.00 | |
| 100 | @a20050716d2005 em y0chiy0121 ea | |
| 101 | 0 | @achi |
| 102 | @aCN@b110000 | |
| 105 | @ay z 000yy | |
| 200 | 1 | @aDreamweaver MX 2004网站设计与网页制作标准教程@ADreamweaver MX 2004 wang zhan she ji yu wang ye zhi zuo biao zhun jiao cheng@f杨志姝,唐有明等编著 |
| 210 | @a北京@c清华大学出版社@d2005 | |
| 215 | @a303页@d26cm | |
| 225 | 2 | @a清华电脑学堂@Aqing hua dian nao xue tang |
| 461 | 0 | @12001 @a清华电脑学堂 |
| 606 | 0 | @a网页@Awang ye@x制作@x软件工具@j教材 |
| 610 | 0 | @aDreamweaver |
| 690 | @aTP393.092@v4 | |
| 701 | 0 | @a杨志姝@Ayang zhi shu@4编著 |
| 701 | 0 | @a唐有明@Atang you ming@4编著 |
| 801 | 0 | @aCN@bSRXX@c20050905 |
| 801 | 2 | @aCN@bSRXX@c20060329 |
| 905 | @a10447@dTP393.092@eY330 | |
| Dreamweaver MX 2004网站设计与网页制作标准教程/杨志姝,唐有明等编著.-北京:清华大学出版社,2005 |
| 303页;26cm.-(清华电脑学堂) |
| ISBN 7-302-11306-8:CNY26.00 |
| ● |
| 相关链接 |
|
|
|
正题名:Dreamweaver MX 2004网站设计与网页制作标
索取号:TP393.092/Y330
 
预约/预借
| 序号 | 登录号 | 条形码 | 馆藏地/架位号 | 状态 | 备注 |
| 1 | 549002 | 205490020 | 自科库301/301自科库 130排1列1层/ [索取号:TP393.092/Y330] | 在馆 | |
| 2 | 549003 | 205490039 | 自科库301/301自科库 130排1列1层/ [索取号:TP393.092/Y330] | 在馆 | |
| 3 | 549004 | 205490048 | 自科库301/301自科库 126排2列5层/ [索取号:TP393.092/Y330] | 在馆 |